000
00266nam a2200109Ia 4500
008
240625s9999 xx 000 0 und d
041
_a
eng
082
_a
658.3 LEN
100
_a
LENCIONI PATRICK
245
_a
ADVANTAGE WHY ORGANIZATIONAL HEALTH TRUM
365
_c
RS
_b
5
999
_c
32816
_d
32816